| 000 | 00543nam a2200193Ia 4500 | ||
|---|---|---|---|
| 005 | 20250508153207.0 | ||
| 008 | 008 250505s9999 xx 000 0 eng d | ||
| 037 | _aTextual | ||
| 040 |
_aFEDL _beng _cFEDL |
||
| 041 |
_aeng _2eng |
||
| 084 |
_a651.7, NEL _qFEDL |
||
| 100 |
_aNelson L f _9287896 |
||
| 245 | 0 | _aCommercial correspondence and commercial English | |
| 250 | _a6 | ||
| 260 |
_aLondon, UK _bSir Isaac Pitman and Sons Ltd _c1962 |
||
| 300 | _aviii,120p | ||
| 942 |
_cTEXL _h651.7, NEL |
||
| 999 |
_c1341156 _d1341156 |
||